Statistics for Official languages of Indian union territories

Click here to take the quiz!

General Stats

  • This quiz has been taken 22 times
  • The average score is 14 of 18

Answer Stats

LanguageUnion Territory% Correct
HindiDadra and Nagar Haveli
94%
HindiAndaman and Nicobar Islands
94%
HindiLadakh
94%
HindiChandigarh
94%
HindiDelhi
94%
EnglishLadakh
88%
EnglishAndaman and Nicobar Islands
88%
EnglishChandigarh
88%
EnglishPuducherry
88%
EnglishDadra and Nagar Haveli
88%
TamilPuducherry
76%
TeluguPuducherry
71%
GujaratiDaman and Diu
65%
PunjabiChandigarh
65%
MalayalamLakshadweep
59%
MalayalamPuducherry
59%
UrduJammu and Kashmir
59%
FrenchPuducherry
53%

Score Distribution

Percentile by Number Answered

Percent of People with Each Score

Your Score History

You have not taken this quiz